Normal view
MARC view
- Curry, G.Richard
Entry Personal Name
001 - CONTROL NUMBER
- control field: 56671
003 - CONTROL NUMBER IDENTIFIER
- control field: NUST
005 - DATE AND TIME OF LATEST TRANSACTION
- control field: 20210628201744.0
008 - FIXED-LENGTH DATA ELEMENTS
- fixed length control field: 210628|| aca||aabn | a|a d
040 ## - CATALOGING SOURCE
- Original cataloging agency: NUST
- Transcribing agency: NUST
100 ## - HEADING--PERSONAL NAME
- Personal name: Curry, G.Richard
670 ## - SOURCE DATA FOUND
- Source citation: Work cat.: (NUST): Curry, G.Richard, Radar system performance modelling, 2005
